| 000 | 00743nam a2200265Ia 4500 | ||
|---|---|---|---|
| 003 | OSt | ||
| 005 | 20221005094725.0 | ||
| 006 | a|||||r|||| 00| 0 | ||
| 007 | ta | ||
| 008 | 221004b |||||||| |||| 00| 0 eng d | ||
| 024 | _a42592 | ||
| 037 | _cTextual | ||
| 040 |
_aCRL _cCRL _beng |
||
| 041 |
_2eng _aeng |
||
| 082 | _aO111:gxN, L3 | ||
| 100 | _aStewart J. I. M. | ||
| 110 | _aGift from Prof Amitava Banerjee, London | ||
| 245 | 0 | _aEight modern writers | |
| 260 |
_aOxford _bOxford University Press UK _c1973 |
||
| 300 |
_a604p. _ccm. |
||
| 650 | _aENGLISH LITERATURE | ||
| 700 | _aGift from Prof Amitava Banerjee, London | ||
| 942 |
_hO111:gxN, L3 _cTEXL _2cc |
||
| 999 |
_c1002350 _d1002350 |
||